| 000 | 00445nam a2200181Ia 4500 | ||
|---|---|---|---|
| 005 | 20240823060811.0 | ||
| 008 | 240823s9999||||xx |||||||||||||| ||und|| | ||
| 041 | _aENGLISH | ||
| 082 | _A005.1 Q0 | ||
| 100 | _a"Pressman,Roger S" | ||
| 245 | 0 | _aSoftware Engineering | |
| 250 | _a7th | ||
| 260 |
_c2010 _bMcGraw Hill Educ |
||
| 500 | _aTRANSFERED | ||
| 650 |
_aSoftware Engineering _bComputer Applications |
||
| 942 | _cBK | ||
| 999 |
_c231999 _d231999 |
||